| 000 | 00614nam a2200241Ia 4500 | ||
|---|---|---|---|
| 001 | Z_2447 | ||
| 008 | 220113s1965 xx 000 0 und d | ||
| 010 | _a165501 | ||
| 082 | _a519.5 D5 | ||
| 100 |
_aDixon, Wilfrid J _933066 |
||
| 245 |
_aIntroducción al análisis estadístico / _cpor Wilfrid J Dixon y Frank Jones Massey |
||
| 260 |
_aLa Habana : _bEdición Revolucionaria, _c1965 |
||
| 300 | _a489 p. | ||
| 440 | _a | ||
| 500 | _a | ||
| 503 | _a | ||
| 650 |
_aEstadística I. Massey, Frank Jones _9139369 |
||
| 901 | _a519.5 D5 | ||
| 902 | _aA | ||
| 910 | _a1965 | ||
| 942 | _cc1 | ||
| 999 |
_c165501 _d165501 |
||